000 01655nam a2200265 4500
001 84317
003 BD-RjUL
005 20241118115558.0
008 241118s2021 bg a|||| m||| 00| 0 ben d
035 _a(BD-RjUL)84317
040 _aBD-RjUL
_bben/eng
_cBD-RjUL
_dBD-RjUL
041 _aben
082 _a750
_223
_bRHB 2021
100 _aরহমান, মো. জিল্লর
_914305
245 1 0 _aবাংলার চিত্রশিল্পে উনিশশ তেতাল্লিশের মন্বন্তর /
_cগবেষক মো. জিল্লর রহমান ;
_6তত্ত্বাবধায়ক : সিদ্ধার্থ শন্কর তালুকদার
246 _aThe Famine of 1943 in the Paintings of Bengal /
260 _aরাজশাহী :
_bচিত্রকলা প্রাচ্যকলা ও ছাপচিত্র বিভাগ, রাজশাহী বিশববিদ্যায়,
_c২০২১
300 _axv, ৩৬৬ পাতা :
_bচিত্র ;
_c২৯ সেমি.
502 _aথিসিস (পিএইচ. ডি.) -- চিত্রকলা প্রাচ্যকলা ও ছাপচিত্র বিভাগ, রাজশাহী বিশববিদ্যায়, ২০২১
504 _aসহায়ক গ্রন্থপঞ্জি : পাতা [৩৬৫]-৩৬৬
650 _aচিত্রশিল্প
_914306
650 _aPaintings
_914307
700 _aতালুকদার, সিদ্ধার্থ শন্কর, তত্ত্বাবধায়ক
_914308
942 _2ddc
_cTHE
999 _c84317
_d84317